000 00286nam a2200109Ia 4500
008 221009s9999 xx 000 0 und d
082 _a294.59
100 _aShastri, J L
_981319
245 0 _aAncient Indian Tradition & Mythology
260 _bMotilal Banarsidass Publishers
942 _cBK
999 _c64803
_d64803